Random city to country #1 - Statistics

General Stats
  • This quiz has been taken 25 times
  • The average score is 13 of 20
Answer Stats
City Country % Correct
Birmingham United Kingdom
96%
Lagos Nigeria
92%
Katowice Poland
92%
Addis Ababa Ethiopia
88%
Marrakesh Morocco
88%
Paramaribo Suriname
83%
Wichita United States of America
79%
Klagenfurt am Wörthersee Austria
75%
Accra Ghana
71%
Albacete Spain
63%
Lucknow India
58%
Türkmenbaşy Turkmenistan
58%
Ciudad Bolívar Venezuela
58%
Kunming China
54%
Niš Serbia
54%
Konya Turkey
50%
Šibenik Croatia
46%
Bled Slovenia
38%
Karaganda Kazakhstan
25%
Humenné Slovakia
21%
No matching quizzes found
Score Distribution
Percent of People with Each Score
Percentile by Number Answered
Your Score History
You have not taken this quiz